| 000 | 01667nam a2200361 a 4500 | ||
|---|---|---|---|
| 001 | ebr10589168 | ||
| 003 | CaPaEBR | ||
| 006 | m u | ||
| 007 | cr cn||||||||| | ||
| 008 | 120904s1998 ne a sb 101 0 eng d | ||
| 010 | _z 98029885 | ||
| 020 | _z1556198787 (v. 2 alk. paper) | ||
| 020 | _z9027236674 | ||
| 020 | _z9789027236678 | ||
| 020 | _z9789027284044 (e-book) | ||
| 040 |
_aCaPaEBR _cCaPaEBR |
||
| 035 | _a(OCoLC)811386281 | ||
| 050 | 1 | 4 |
_aP140 _b.I58 1995eb |
| 111 | 2 |
_aInternational Conference on Historical Linguistics _n(12th : _d1995 : _cManchester, England) |
|
| 245 | 1 | 0 |
_aGermanic linguistics _h[electronic resource] / _cedited by Richard M. Hogg, Linda van Bergen. |
| 260 |
_aAmsterdam ; _aPhiladelphia : _bJ. Benjamins, _c1998. |
||
| 300 |
_ax, 360 p. : _bill. |
||
| 440 | 0 |
_aAmsterdam studies in the theory and history of linguistic science. _nSeries IV, _pCurrent issues in linguistic theory, _x0304-0763 ; _vv. 162 |
|
| 490 | 0 |
_aHistorical linguistics 1995 : selected papers from the 12th International Conference on Historical Linguistics, Manchester, August 1995 ; _vv. 2 |
|
| 504 | _aIncludes bibliographical references and indexes. | ||
| 533 |
_aElectronic reproduction. _bPalo Alto, Calif. : _cebrary, _d2011. _nAvailable via World Wide Web. _nAccess may be limited to ebrary affiliated libraries. |
||
| 650 | 0 |
_aHistorical linguistics _vCongresses. |
|
| 655 | 7 |
_aElectronic books. _2local |
|
| 700 | 1 | _aHogg, Richard M. | |
| 700 | 1 | _aBergen, Linda van. | |
| 710 | 2 | _aebrary, Inc. | |
| 856 | 4 | 0 |
_uhttp://site.ebrary.com/lib/rucke/Doc?id=10589168 _zAn electronic book accessible through the World Wide Web; click to view |
| 999 |
_c208619 _d208619 |
||